| 000 | 00676nam a22002418 4500 | ||
|---|---|---|---|
| 001 | 37919 | ||
| 003 | BD-RjUL | ||
| 005 | 20211209052704.0 | ||
| 008 | 870522s1988 nyua b 001 0 eng | ||
| 020 | _a0070354227 | ||
| 035 | _a(BD-RjUL) | ||
| 040 |
_aDLC _c(BD-RjUL) |
||
| 082 |
_223 _a621.38835 _bKRA 2001 |
||
| 100 | 1 |
_aKraus, John Daniel, _9117477 |
|
| 245 | 1 | 0 |
_aAntennas/ _cJohn D. Kraus. |
| 250 | _a2nd ed. | ||
| 260 |
_aNew Delhi: _bTata McGraw-Hill, _cc1988 [2001 reprint] |
||
| 300 |
_axxv, 892 p. : _bill. ; _c22 cm. |
||
| 504 | _aIncludes bibliographies and indexes. | ||
| 650 | 0 |
_aAntennas (Electronics) _9117478 |
|
| 942 |
_2ddc _cBK |
||
| 999 |
_c37919 _d37919 |
||